000 00419nam a22001697a 4500
003 NUST - PNEC
005 20170116181152.0
008 151205b xxu||||| |||| 00| 0 eng d
020 _a-
040 _cLIBRARY
082 _a923.1 BEH
100 _915569
_aBeha Ud Din
245 _aThe Life of Salah ud Din Ayyubi.
_cBeha Ud Din
260 _cc.1983
650 _915570
_aAutobiography
_xGeneral
942 _2ddc
_cBK
999 _c71023
_d71023